[Event "POL-chT U20 1st League"]
[Site "Chotowa"]
[Date "2025.06.19"]
[Round "6.9"]
[White "Diachek, Andriy"]
[Black "Witczak, Borys"]
[Result "1-0"]
[WhiteElo "2177"]
[BlackElo "1967"]
[PlyCount "95"]
[EventDate "2025.06.14"]
[EventType "team-swiss"]
[EventRounds "9"]
[EventCountry "POL"]
[SourceTitle "CB26_2025"]
[SourceDate "2025.06.25"]
[SourceVersion "1"]
[SourceVersionDate "2025.06.25"]
[SourceQuality "1"]
[WhiteTeam "Poznan Lech"]
[BlackTeam "Czestochowa Hetman"]
[WhiteTeamCountry "POL"]
[BlackTeamCountry "POL"]

1. e4 c5 2. Nf3 d6 3. Bb5+ Nd7 4. Ba4 Ngf6 5. 0-0 e6 6. Re1 a6 7. c4 Be7 8. Nc3 0-0 9. d4 cxd4 10. Nxd4 Ne5 11. Qe2 Bd7 12. Bxd7 Qxd7 13. b3 Nc6 14. Be3 Rab8 15. Red1 Qc7 16. f3 Nd7 17. Rac1 Nc5 18. Qf2 Bf6 19. Nxc6 Qxc6 20. Bd4 Bg5 21. f4 Be7 22. Qg3 g6 23. Qe3 Rfe8 24. e5 Rbd8 25. exd6 Bxd6 26. b4 Nd7 27. c5 Bf8 28. Ne4 e5 29. fxe5 Nxe5 30. Qf4 Bg7 31. Nd6 Re7 32. Qh4 Qc7 33. Qg3 Rf8 34. Kh1 Qc6 35. Re1 f6 36. Bxe5 Rxe5 37. Rxe5 fxe5 38. Qb3+ Kh8 39. Nf7+ Rxf7 40. Qxf7 h5 41. Qc4 Kh7 42. h3 Kh6 43. Rd1 Qf6 44. Qe4 Qf2 45. Rd3 Qf1+ 46. Kh2 Kh7 47. Rd6 Bf6 48. Qf3 1-0

[Event "POL-chT U20 1st League"]
[Site "Chotowa"]
[Date "2025.06.16"]
[Round "3.9"]
[White "Dziuba, Michal"]
[Black "Diachek, Andriy"]
[Result "0-1"]
[WhiteElo "1827"]
[BlackElo "2177"]
[PlyCount "80"]
[EventDate "2025.06.14"]
[EventType "team-swiss"]
[EventRounds "9"]
[EventCountry "POL"]
[SourceTitle "CB26_2025"]
[SourceDate "2025.06.25"]
[SourceVersion "1"]
[SourceVersionDate "2025.06.25"]
[SourceQuality "1"]
[WhiteTeam "Wieliczka MOS"]
[BlackTeam "Poznan Lech"]
[WhiteTeamCountry "POL"]
[BlackTeamCountry "POL"]

1. e4 c5 2. Nf3 Nc6 3. Nc3 e5 4. Bc4 d6 5. d3 Be7 6. Nd2 Nf6 7. Nf1 0-0 8. Ne3 a6 9. a4 Be6 10. Ned5 Nb4 11. 0-0 Nbxd5 12. Bxd5 Nxd5 13. exd5 Bd7 14. f4 f5 15. Qf3 Bf6 16. a5 Qe7 17. Bd2 Rae8 18. Rfe1 Qf7 19. Na4 Bxa4 20. Rxa4 exf4 21. Rxf4 Bg5 22. Rf1 Bxf4 23. Bxf4 Qe7 24. Qg3 Qe2 25. Bxd6 Rf6 26. Bxc5 Qxc2 27. b4 Rg6 28. Qf3 Qe2 29. Qh3 Qe5 30. Rxf5 Qe1+ 31. Rf1 Rf6 32. g3 Rxf1+ 33. Qxf1 Qd2 34. Bf2 Qxb4 35. Qh3 Qb1+ 36. Kg2 Qxd3 37. Qd7 Qe4+ 38. Kg1 Qe7 39. Qa4 Rd8 40. Qb3 Qf7 0-1

[Event "Zalakaros op 44th"]
[Site "Zalakaros"]
[Date "2025.06.01"]
[Round "9"]
[White "Diachek, Andriy"]
[Black "Biro, Sandor"]
[Result "1-0"]
[WhiteElo "2226"]
[BlackElo "2073"]
[PlyCount "70"]
[EventDate "2025.05.24"]
[EventType "swiss"]
[EventRounds "9"]
[EventCountry "HUN"]
[SourceTitle "CB23_2025"]
[SourceDate "2025.06.04"]
[SourceVersion "1"]
[SourceVersionDate "2025.06.04"]
[SourceQuality "1"]

1. e4 e5 2. Nf3 Nc6 3. Bb5 a6 4. Ba4 d6 5. 0-0 Bd7 6. c3 Nge7 7. d4 Ng6 8. Re1 Be7 9. Be3 0-0 10. Nbd2 Qe8 11. Bc2 Nd8 12. Nf1 f6 13. Ng3 Nf7 14. Nf5 Bd8 15. h3 Kh8 16. Qd2 Ne7 17. Ng3 Ng8 18. Rad1 g6 19. Kh1 Be7 20. Bb3 Rd8 21. c4 b6 22. Qc2 c5 23. dxc5 dxc5 24. Ne2 f5 25. exf5 Bxf5 26. Qc1 Qc6 27. Nc3 Bxh3 28. Nd5 Bg4 29. Bc2 Bxf3 30. gxf3 Qe6 31. Kg2 Nd6 32. Bf4 Nxc4 33. Bb3 Qf5 34. Nxe7 Nxe7 35. Qxc4 b5 1-0

[Event "Zalakaros op 44th"]
[Site "Zalakaros"]
[Date "2025.05.31"]
[Round "8"]
[White "Ostovic, Matija"]
[Black "Diachek, Andriy"]
[Result "1-0"]
[WhiteElo "2394"]
[BlackElo "2226"]
[PlyCount "101"]
[EventDate "2025.05.24"]
[EventType "swiss"]
[EventRounds "9"]
[EventCountry "HUN"]
[SourceTitle "CB23_2025"]
[SourceDate "2025.06.04"]
[SourceVersion "1"]
[SourceVersionDate "2025.06.04"]
[SourceQuality "1"]

1. d4 d5 2. c4 e6 3. Nf3 a6 4. e3 Nf6 5. b3 c5 6. cxd5 Nxd5 7. Be2 Nc6 8. 0-0 cxd4 9. Nxd4 Nxd4 10. Qxd4 Be7 11. Bb2 Bf6 12. Qd2 0-0 13. Bf3 Bxb2 14. Qxb2 Qf6 15. Qxf6 Nxf6 16. Nc3 Rb8 17. Rfd1 Bd7 18. Ne4 Nxe4 19. Rxd7 Nc5 20. Rc7 b6 21. b4 Nd3 22. a3 a5 23. Be2 Ne5 24. bxa5 bxa5 25. Rc5 f6 26. f4 Rb2 27. Kf1 Nd7 28. Rxa5 Rc8 29. Rb5 Rd2 30. Rd1 Rxd1+ 31. Bxd1 Rc3 32. Rb7 Nc5 33. Rc7 Kf8 34. Ke2 h6 35. h4 e5 36. fxe5 fxe5 37. h5 Kg8 38. Kf3 e4+ 39. Kg4 Rd3 40. Be2 Rc3 41. Bb5 Kf8 42. g3 Na4 43. Rxc3 Nxc3 44. Bc6 Ke7 45. Kf5 Kd6 46. Bxe4 Nd1 47. Kf4 Nc3 48. Bc2 Nd5+ 49. Kf3 Ke5 50. a4 Nf6 51. a5 1-0

[Event "Zalakaros op 44th"]
[Site "Zalakaros"]
[Date "2025.05.30"]
[Round "7"]
[White "Varadi, Viktor"]
[Black "Diachek, Andriy"]
[Result "1/2-1/2"]
[WhiteElo "2365"]
[BlackElo "2226"]
[PlyCount "32"]
[EventDate "2025.05.24"]
[EventType "swiss"]
[EventRounds "9"]
[EventCountry "HUN"]
[SourceTitle "CB23_2025"]
[SourceDate "2025.06.04"]
[SourceVersion "1"]
[SourceVersionDate "2025.06.04"]
[SourceQuality "1"]

1. e4 c5 2. Nf3 Nc6 3. d4 cxd4 4. Nxd4 e5 5. Nb5 d6 6. c4 Be6 7. N1c3 a6 8. Na3 g6 9. Nc2 Bg7 10. Be2 Nf6 11. 0-0 0-0 12. Be3 Rc8 13. Rc1 Ne7 14. Na3 Nc6 15. Nc2 Ne7 16. Na3 Nc6 1/2-1/2

[Event "Zalakaros op 44th"]
[Site "Zalakaros"]
[Date "2025.05.28"]
[Round "5"]
[White "Diachek, Andriy"]
[Black "Egresi, Mate"]
[Result "1/2-1/2"]
[WhiteElo "2226"]
[BlackElo "2354"]
[PlyCount "79"]
[EventDate "2025.05.24"]
[EventType "swiss"]
[EventRounds "9"]
[EventCountry "HUN"]
[SourceTitle "CB23_2025"]
[SourceDate "2025.06.04"]
[SourceVersion "1"]
[SourceVersionDate "2025.06.04"]
[SourceQuality "1"]

1. e4 c5 2. Nf3 e6 3. d4 cxd4 4. Nxd4 Nc6 5. Nc3 a6 6. Be3 Nf6 7. f4 Bb4 8. Nxc6 bxc6 9. e5 Nd5 10. Bd2 d6 11. Ne4 Bxd2+ 12. Qxd2 dxe5 13. c4 Nxf4 14. Nd6+ Ke7 15. 0-0-0 Qb6 16. g3 Nd5 17. cxd5 cxd5 18. Nc4 dxc4 19. Bg2 Ra7 20. Qg5+ Ke8 21. Bc6+ Bd7 22. Qxg7 Rf8 23. Bxd7+ Rxd7 24. Qxe5 c3 25. b3 Qb4 26. Kc2 Rd2+ 27. Rxd2 cxd2 28. Rd1 Ke7 29. Qc7+ Kf6 30. Rxd2 Qe4+ 31. Kb2 Qe5+ 32. Qc3 Qxc3+ 33. Kxc3 Ke5 34. Rd7 Ke4 35. b4 e5 36. a4 Kf3 37. Rd3+ Kf2 38. Rd2+ Kf3 39. Rd3+ Kf2 40. Rd2+ 1/2-1/2

[Event "Titled Tuesday intern op 06th May Early"]
[Site "Chess.com INT"]
[Date "2025.05.06"]
[Round "2"]
[White "Berezin, Viktor"]
[Black "Diachek, Andriy"]
[Result "1-0"]
[WhiteElo "1921"]
[BlackElo "2226"]
[PlyCount "103"]
[EventDate "2025.05.06"]
[EventType "swiss (blitz)"]
[EventRounds "11"]
[EventCountry "USA"]
[SourceTitle "CB20_2025"]
[SourceDate "2025.05.14"]
[SourceVersion "1"]
[SourceVersionDate "2025.05.14"]
[SourceQuality "1"]

1. e4 c6 2. d4 d5 3. e5 Bf5 4. Bd3 Bxd3 5. Qxd3 Qa5+ 6. c3 Qa6 7. Qxa6 Nxa6 8. Nf3 e6 9. 0-0 c5 10. Be3 Ne7 11. Nbd2 Nc6 12. a3 c4 13. Rfb1 Nc7 14. b4 cxb3 15. Rxb3 Na5 16. Rb2 b6 17. Rc2 Be7 18. c4 Nxc4 19. Nxc4 dxc4 20. Rxc4 Kd7 21. a4 Nd5 22. Nd2 Rhc8 23. Rac1 Rxc4 24. Rxc4 a6 25. Kf1 b5 26. axb5 axb5 27. Rc2 Ra3 28. Ke2 Nxe3 29. fxe3 Bg5 30. e4 Bxd2 31. Kxd2 Rb3 32. d5 exd5 33. exd5 f6 34. exf6 gxf6 35. Rc6 Rb2+ 36. Kc3 Rxg2 37. Rxf6 Rxh2 38. Kb4 Rb2+ 39. Kc5 h5 40. Rf7+ Ke8 41. Rh7 Rh2 42. Kxb5 h4 43. Kc6 Rc2+ 44. Kd6 Rc4 45. Rh8+ Kf7 46. Kd7 Ra4 47. d6 Ra7+ 48. Kc6 Ra6+ 49. Kc7 Ra7+ 50. Kb6 Rd7 51. Kc6 Ra7 52. Rh7+ 1-0

[Event "Titled Tuesday intern op 06th May Early"]
[Site "Chess.com INT"]
[Date "2025.05.06"]
[Round "7"]
[White "Kozlov, Oleg"]
[Black "Diachek, Andriy"]
[Result "1-0"]
[WhiteElo "2253"]
[BlackElo "2226"]
[PlyCount "65"]
[EventDate "2025.05.06"]
[EventType "swiss (blitz)"]
[EventRounds "11"]
[EventCountry "USA"]
[SourceTitle "CB20_2025"]
[SourceDate "2025.05.14"]
[SourceVersion "1"]
[SourceVersionDate "2025.05.14"]
[SourceQuality "1"]

1. a3 g6 2. d4 Bg7 3. e4 d5 4. e5 c5 5. dxc5 Bxe5 6. Nf3 Bg7 7. c3 Nc6 8. Bb5 Nf6 9. 0-0 0-0 10. Re1 Ne4 11. Be3 f5 12. Bxc6 bxc6 13. Bd4 Qc7 14. Bxg7 Kxg7 15. Qd4+ Kg8 16. Ne5 e6 17. f3 Nf6 18. Nd2 Rb8 19. b4 Nd7 20. Nb3 Nxe5 21. Rxe5 Qg7 22. Rae1 Bd7 23. Qd3 g5 24. Nd4 g4 25. f4 Rf6 26. Nxe6 Bxe6 27. Rxe6 Qf7 28. Rxf6 Qxf6 29. Re5 Rf8 30. Qe3 Qh4 31. g3 Qf6 32. Re6 Qf7 33. Qe5 1-0

[Event "Titled Tuesday intern op 06th May Early"]
[Site "Chess.com INT"]
[Date "2025.05.06"]
[Round "6"]
[White "Le, Minh Hoang"]
[Black "Diachek, Andriy"]
[Result "1/2-1/2"]
[WhiteElo "2213"]
[BlackElo "2226"]
[PlyCount "121"]
[EventDate "2025.05.06"]
[EventType "swiss (blitz)"]
[EventRounds "11"]
[EventCountry "USA"]
[SourceTitle "CB20_2025"]
[SourceDate "2025.05.14"]
[SourceVersion "1"]
[SourceVersionDate "2025.05.14"]
[SourceQuality "1"]

1. e4 c6 2. Nf3 d5 3. exd5 cxd5 4. d4 Nc6 5. c3 Bg4 6. Bf4 e6 7. Qb3 Qd7 8. Nbd2 Nge7 9. Bb5 Ng6 10. Bg3 Bd6 11. 0-0 Bxg3 12. hxg3 h5 13. Rfe1 h4 14. gxh4 Nxh4 15. Nxh4 Rxh4 16. Nf1 0-0-0 17. Ng3 Rdh8 18. Qa4 f5 19. f4 g5 20. Rf1 gxf4 21. Rxf4 a6 22. Bxc6 Qxc6 23. Qxc6+ bxc6 24. Re1 Kd7 25. Kf2 R4h6 26. Ke3 Bh5 27. Rh1 Bf7 28. Rxh6 Rxh6 29. Kf2 Kd6 30. Ne2 Rh1 31. Ng1 Bh5 32. b4 Bg4 33. a3 e5 34. dxe5+ Kxe5 35. Rd4 f4 36. Rd2 Ke4 37. Rd4+ Ke5 38. a4 Rh7 39. a5 Rh6 40. Rd2 Ke4 41. Rd4+ Ke5 42. Nf3+ Bxf3 43. Kxf3 c5 44. Rxf4 cxb4 45. cxb4 d4 46. g3 Kd5 47. Rf8 Kc4 48. Rb8 d3 49. Rb6 Rh5 50. Ke3 Re5+ 51. Kd2 Re2+ 52. Kd1 Rg2 53. Rxa6 Kxb4 54. Rg6 Kc3 55. Rc6+ Kd4 56. a6 Rg1+ 57. Kd2 Rg2+ 58. Ke1 Rg1+ 59. Kd2 Rg2+ 60. Kc1 Rg1+ 61. Kd2 1/2-1/2

[Event "Titled Tuesday intern op 01st Apr Early"]
[Site "Chess.com INT"]
[Date "2025.04.01"]
[Round "6"]
[White "Diachek, Andriy"]
[Black "Mogollon Tobar, Nicolle Juliet"]
[Result "1-0"]
[WhiteElo "2130"]
[BlackElo "2063"]
[PlyCount "85"]
[EventDate "2025.04.01"]
[EventType "swiss (blitz)"]
[EventRounds "11"]
[EventCountry "USA"]
[SourceTitle "CB15_2025"]
[SourceDate "2025.04.09"]
[SourceVersion "1"]
[SourceVersionDate "2025.04.09"]
[SourceQuality "1"]

1. c4 b6 2. d4 Bb7 3. Nc3 Nf6 4. Qc2 e6 5. e4 c5 6. d5 Bd6 7. Nf3 exd5 8. cxd5 Qe7 9. Bd3 Nxd5 10. Nxd5 Bxd5 11. 0-0 Bb7 12. e5 Bc7 13. Bg5 Qf8 14. Be4 Nc6 15. Rad1 f6 16. exf6 gxf6 17. Bg6+ Kd8 18. Qf5 Nd4 19. Nxd4 cxd4 20. Rxd4 Bc6 21. Bxf6+ Kc8 22. Bxh8 Qxh8 23. Rh4 Kb7 24. Rxh7 Qxb2 25. Rxd7 Bxd7 26. Qxd7 Qe5 27. g3 Rg8 28. Bf7 Rf8 29. Bd5+ Kb8 30. Qc6 Kc8 31. Qa8+ Bb8 32. Qb7+ Kd8 33. Bc6 Qc7 34. Rd1+ Ke7 35. Rd7+ Qxd7 36. Qxd7+ Kf6 37. Bd5 Kg6 38. Qe6+ Kg7 39. Be4 Rf6 40. Qe7+ Rf7 41. Qg5+ Kh8 42. Qh6+ Kg8 43. Bd5 1-0

[Event "Titled Tuesday intern op 01st Apr Early"]
[Site "Chess.com INT"]
[Date "2025.04.01"]
[Round "3"]
[White "Kjaergaard Jensen, Jesper"]
[Black "Diachek, Andriy"]
[Result "0-1"]
[WhiteElo "2081"]
[BlackElo "2130"]
[PlyCount "114"]
[EventDate "2025.04.01"]
[EventType "swiss (blitz)"]
[EventRounds "11"]
[EventCountry "USA"]
[SourceTitle "CB15_2025"]
[SourceDate "2025.04.09"]
[SourceVersion "1"]
[SourceVersionDate "2025.04.09"]
[SourceQuality "1"]

1. d4 Nf6 2. Nf3 e6 3. c3 c5 4. Bg5 h6 5. Bxf6 Qxf6 6. Nbd2 b6 7. e4 Bb7 8. Bb5 a6 9. Bd3 Qd8 10. Qe2 Be7 11. e5 Nc6 12. 0-0-0 cxd4 13. Nxd4 Qc7 14. Nxc6 Bxc6 15. f4 b5 16. Ne4 b4 17. c4 Rc8 18. Kb1 a5 19. Rc1 a4 20. c5 a3 21. Nd6+ Bxd6 22. cxd6 Qb6 23. b3 0-0 24. Rc4 Bd5 25. Rxc8 Rxc8 26. Rc1 Rxc1+ 27. Kxc1 Qg1+ 28. Kd2 Bxb3 29. Qe4 Qd1+ 30. Ke3 Qe1+ 31. Be2 Bd5 32. Qc2 Qc3+ 33. Qxc3 bxc3 34. Kd3 Bc4+ 35. Kxc3 Bxe2 36. Kb3 Bf1 37. g3 g5 38. Kxa3 gxf4 39. gxf4 Kg7 40. Kb4 Kg6 41. a4 Kf5 42. Kc5 Kxf4 43. Kb6 Bg2 44. Kc7 Bc6 45. a5 Kxe5 46. a6 f5 47. a7 f4 48. a8Q Bxa8 49. Kxd7 Kd5 50. Ke7 Bc6 51. d7 Bxd7 52. Kxd7 f3 53. h4 f2 54. h5 f1Q 55. Ke7 Qf5 56. Ke8 Kd6 57. Kd8 Qf8# 0-1

[Event "Titled Tuesday intern op 01st Apr Early"]
[Site "Chess.com INT"]
[Date "2025.04.01"]
[Round "7"]
[White "Vu, Thi Dieu Uyen"]
[Black "Diachek, Andriy"]
[Result "0-1"]
[WhiteElo "1875"]
[BlackElo "2130"]
[PlyCount "160"]
[EventDate "2025.04.01"]
[EventType "swiss (blitz)"]
[EventRounds "11"]
[EventCountry "USA"]
[SourceTitle "CB15_2025"]
[SourceDate "2025.04.09"]
[SourceVersion "1"]
[SourceVersionDate "2025.04.09"]
[SourceQuality "1"]

1. e4 c5 2. Nf3 a6 3. c3 d5 4. exd5 Qxd5 5. d4 e6 6. Be2 Nf6 7. 0-0 Nc6 8. Be3 cxd4 9. Nxd4 Nxd4 10. Bxd4 Be7 11. Bf3 Qd7 12. Nd2 0-0 13. Nc4 Bd8 14. Qc2 Bc7 15. Rad1 Qb5 16. Bxf6 gxf6 17. Rd4 f5 18. a4 Qc5 19. b4 Qe7 20. Re1 Qf6 21. h3 e5 22. Rd2 e4 23. Bd1 Be6 24. Ne3 Qe5 25. Nf1 Bc4 26. Be2 Be6 27. Ng3 e3 28. Bf3 exf2+ 29. Kxf2 Qxg3+ 30. Kf1 Bc4+ 31. Be2 Qf4+ 32. Kg1 Qh2+ 33. Kf2 Bb6+ 34. Kf3 Bxe2+ 35. Rdxe2 Qd6 36. Qxf5 Qg6 37. Qxg6+ fxg6+ 38. Kg3 Kf7 39. Re7+ Kg8 40. Kh2 Bd8 41. Rxb7 Bf6 42. Rd1 Be5+ 43. Kh1 Rf7 44. Rxf7 Kxf7 45. Rd3 Ke7 46. Kg1 Rd8 47. Re3 Ke6 48. Kf2 Rf8+ 49. Ke2 Kd5 50. c4+ Ke6 51. c5 Kd5 52. b5 axb5 53. axb5 Bd4 54. Rd3 Kxc5 55. b6 Rf2+ 56. Ke1 Rb2 57. Rf3 Rxb6 58. Rf7 Rb2 59. Rxh7 Rxg2 60. Kf1 Rg1+ 61. Ke2 Kd5 62. Kf3 Ke5 63. Re7+ Kf6 64. Rd7 Be5 65. Rb7 Rg3+ 66. Ke4 Bd6 67. Rb6 Ke6 68. h4 Rg4+ 69. Kf3 Rxh4 70. Ra6 Rf4+ 71. Ke3 Rb4 72. Kf3 g5 73. Ra5 Be5 74. Ra6+ Kf5 75. Ra8 Rb3+ 76. Kg2 Kg4 77. Re8 Bf4 78. Kf1 Rb2 79. Kg1 Kf3 80. Kf1 g4 0-1

[Event "Titled Tuesday intern op 11th Feb Early"]
[Site "Chess.com INT"]
[Date "2025.02.11"]
[Round "11"]
[White "Diachek, Andriy"]
[Black "Hertlein, Irena"]
[Result "1-0"]
[WhiteElo "2146"]
[BlackElo "1993"]
[PlyCount "77"]
[EventDate "2025.02.11"]
[EventType "swiss (blitz)"]
[EventRounds "11"]
[EventCountry "USA"]
[SourceTitle "CB08_2025"]
[SourceDate "2025.02.19"]
[SourceVersion "1"]
[SourceVersionDate "2025.02.19"]
[SourceQuality "1"]

1. e4 c5 2. Nf3 d6 3. d4 cxd4 4. Nxd4 Nf6 5. Nc3 Nc6 6. Bg5 Bd7 7. Qd2 Rc8 8. 0-0-0 Nxd4 9. Qxd4 Qa5 10. Bxf6 gxf6 11. Bc4 Bh6+ 12. Kb1 Qc5 13. Bd5 Qxd4 14. Rxd4 Bc6 15. Bxc6+ bxc6 16. g3 Rb8 17. Rhd1 Kd7 18. b3 Kc7 19. Ne2 Bg7 20. Rc4 Rb6 21. Nd4 e6 22. Rd3 h5 23. h4 Kb7 24. Ne2 d5 25. Ra4 Bh6 26. Rd1 Kb8 27. c4 dxe4 28. Nc3 f5 29. c5 Rb7 30. Ra6 Kc7 31. Rd6 Rbb8 32. Raxc6+ Kb7 33. Nb5 Ka8 34. Nc7+ Kb7 35. Nb5 Ka8 36. a4 Bf8 37. Rd7 Rb7 38. Rc8+ Rb8 39. Rxa7# 1-0

[Event "Titled Tuesday intern op 04th Feb Early"]
[Site "Chess.com INT"]
[Date "2025.02.04"]
[Round "9"]
[White "Diachek, Andriy"]
[Black "Safarullakhan, Safin"]
[Result "1-0"]
[WhiteElo "2146"]
[BlackElo "2075"]
[PlyCount "89"]
[EventDate "2025.02.04"]
[EventType "swiss (blitz)"]
[EventRounds "11"]
[EventCountry "USA"]
[SourceTitle "CB07_2025"]
[SourceDate "2025.02.12"]
[SourceVersion "1"]
[SourceVersionDate "2025.02.12"]
[SourceQuality "1"]

1. c4 e6 2. g3 Nf6 3. Bg2 d5 4. Nf3 Be7 5. 0-0 0-0 6. b3 b6 7. Bb2 Bb7 8. cxd5 Bxd5 9. Nc3 Bb7 10. Qc2 c5 11. a3 Nc6 12. e3 Rc8 13. Rfd1 Qc7 14. Ng5 Ne5 15. Nb5 Qb8 16. Bxb7 Qxb7 17. Bxe5 g6 18. Nd6 Bxd6 19. Bxf6 e5 20. Qe4 Qd7 21. Nxh7 Rfe8 22. Qh4 Qf5 23. g4 Qf3 24. Nf8 Qxf6 25. Qxf6 Bxf8 26. e4 Bg7 27. Qf3 Rcd8 28. d3 Rd4 29. Qe2 Red8 30. f3 Bh6 31. Rab1 Bf4 32. h3 g5 33. Kg2 R8d6 34. Qc2 Rc6 35. b4 c4 36. dxc4 Rdxc4 37. Qd3 Rc2+ 38. Kg1 R6c3 39. Qd8+ Kg7 40. Rd3 Rc4 41. h4 Re2 42. hxg5 Rcc2 43. Qf6+ Kh7 44. Qxf7+ Kh8 45. Rd8# 1-0